Statistiques concernant Quiz dessin animé les sisters

Cliquez ici pour prendre le quiz!

Statistiques générales

  • Ce quiz a été pris 47 fois
  • Le résultat moyen est 12 sur 15

Statistiques - réponses

QuestionRéponse% Correct
les sisters partagent t'elle leur chambre?Non
100%
Qui sont les deux soeurs?Marine et Wendy
98%
Qui est l'amoureux de Wendy?Maxence
95%
Qui est le doudou préféré de Marine?Puduk
95%
Qui est la grande sisters ?Wendy
95%
Quelle est le métier du père des sisters?Dessinateure de BD
93%
Qui est l'amie de Marine?Nath
90%
Nath (copine de marine) a t'elle un grand frère?Oui
88%
Les sisters ont t'elles des animaux de compagnie?Non
86%
Qui est l'enemie de Wendy?Rachel
83%
Qui a un doudou la chance?Marine
71%
Quelle est le métitier de la mère des sisters?Infiermière
69%
Quelle age ont les sisters?8 ans et 13 ans
67%
ou habitent les sisters?A pom les bins
55%
Les sisters sont t' elles dans la même école?Non
52%

Distribution des résultats

Percentile par nombre de réponses

% des personnes avec chaque résultat

Votre développement - résultats

Vous n’avez pas pris ce quiz